| 000 | 00000nam 2200000zi 4500 |
| 001 | 9.947566 |
| 003 | CaOODSP |
| 005 | 20250130134000 |
| 006 | m o d f |
| 007 | cr mn||||||||| |
| 008 | 250130s197310##nkc ob f000 0 eng d |
| 040 | |aCaOODSP|beng|erda|cCaOODSP |
| 086 | 1 |aFs52-1/431E-PDF |
| 100 | 1 |aSochasky, Jeffrey B., |eauthor. |
| 245 | 10|aFailure to accelerate molting following eyestalk ablation in decapod crustaceans : |ba review of the literature / |cby Jeffrey B. Sochasky. |
| 260 | |aSt. Andrews, N.B. : |bFisheries Research Board of Canada, Biological Station, |cOctober 1973. |
| 300 | |a1 online resource (127 pages). |
| 336 | |atext|btxt|2rdacontent |
| 337 | |acomputer|bc|2rdamedia |
| 338 | |aonline resource|bcr|2rdacarrier |
| 490 | 1 |aFisheries Research Board of Canada, technical report ; |vNo. 431 |
| 500 | |a"This is the sixtieth FRB Technical Report from the Fisheries Research Board of Canada, Biological Station, St. Andrews, N.B." |
| 504 | |aIncludes bibliographical references (pages 103-127). |
| 520 | 3 |a"A detailed review of a number of examples of failure to accelerate molting following eyestalk ablation is given. In some cases of such failure to accelerate molting (indeed, it is usually inhibition of molting) it is reported that reproductive development has been stimulated ; the "antagonism" between somatic and reproductive growth, which is seen in intact animals, has therefore been invoked by various authors to explain the observed failure of eye-stalk ablation to accelerate molting"--Abstract, page 7. |
| 650 | 0|aCrustacea|xDevelopment. |
| 650 | 0|aMolting. |
| 650 | 6|aCrustacés|xDéveloppement. |
| 650 | 6|aMue. |
| 710 | 2 |aFisheries Research Board of Canada, |eissuing body. |
| 710 | 1 |aCanada. |bDepartment of Fisheries and Oceans. |bBiological Station (St. Andrews, N.B.), |eissuing body. |
| 830 | #0|aTechnical report (Fisheries Research Board of Canada)|vNo. 431.|w(CaOODSP)9.507879 |
| 856 | 40|qPDF|s23.4 MB|uhttps://publications.gc.ca/collections/collection_2025/mpo-dfo/Fs52-1-431-eng.pdf |